| 000 | 00388nam a22001457a 4500 | ||
|---|---|---|---|
| 020 | _a9788131767719 | ||
| 082 | _a530.141 RAJ | ||
| 100 | _aRaju, G.S. | ||
| 245 | _aElectromagnetic Field | ||
| 260 |
_aNew Delhi, India _bPearson Education _c2012 |
||
| 300 |
_aVarious pages. _bill. ; |
||
| 500 | _aIncludes index. | ||
| 650 | _a1. Electromagnetic fields. 2. Electrodynamics. | ||
| 942 | _cBK | ||
| 999 |
_c12539 _d12539 |
||